Theatro critico universal, ó discursos varios en todo genero de materias, para desengaño de errores comunes (Record no. 8684)

MARC details
000 -CABECERA
campo de control de longitud fija 01105nam a2200241 a 4500
001 - NÚMERO DE CONTROL
campo de control BRCA_9034
005 - FECHA Y HORA DE LA ÚLTIMA TRANSACCIÓN
campo de control 20190320210512.0
008 - DATOS DE LONGITUD FIJA--INFORMACIÓN GENERAL
campo de control de longitud fija 150817s1765----sp-#######---#000-0#spa-#
041 ## - CÓDIGO DE LENGUA
Código de lengua del texto/banda sonora o título independiente spa
044 ## - CÓDIGO DEL PAÍS DE LA ENTIDAD EDITORA/PRODUCTORA
Código MARC del país sp
084 ## - OTRO NÚMERO DE CLASIFICACIÓN
Número de clasificación BE82
-- .F45 1765
100 1# - ENTRADA PRINCIPAL--NOMBRE DE PERSONA
Nombre de persona Feijóo y Montenegro, Benito Geronimo
Fechas asociadas al nombre 1676 - 1764
9 (RLIN) 22266
245 10 - MENCIÓN DE TÍTULO
Título Theatro critico universal, ó discursos varios en todo genero de materias, para desengaño de errores comunes
Mención de responsabilidad, etc. escrito por el M.I.S. D. Fr. Benito Geronimo Feijoó y Montenegro; Tomo séptimo.
260 ## - PUBLICACIÓN, DISTRIBUCIÓN, ETC.
Lugar de publicación, distribución, etc. Madrid
Nombre del editor, distribuidor, etc. En la Imprenta de Antonio Marin
Fecha de publicación, distribución, etc. 1765
300 ## - DESCRIPCIÓN FÍSICA
Extensión [38], 490 p. (t.7)
Dimensiones 21 x 16 cm
500 ## - NOTA GENERAL
Nota general Con las licencias necesarias
500 ## - NOTA GENERAL
Nota general En portada: Nueva impresión, en la qual van puestas las adiciones del Suplemento en su lugares
500 ## - NOTA GENERAL
Nota general Estado físico: presenta encuadernación en pergamino, con cantos decorados, algunas hojas manchadas, carece de cintas, presenta del pez de plata y deterioro de las hojas 219 a la 330
650 14 - PUNTO DE ACCESO ADICIONAL DE MATERIA--TÉRMINO DE MATERIA
Término de materia o nombre geográfico como elemento de entrada Español drama
9 (RLIN) 21773
700 1# - PUNTO DE ACCESO ADICIONAL--NOMBRE DE PERSONA
Nombre de persona Antonio Marin
Término indicativo de función/relación Impresor
9 (RLIN) 22404
902 ## - CATALOGADOR
Iniciales CFM
942 ## - ELEMENTOS DE PUNTO DE ACCESO ADICIONAL (KOHA)
Fuente del sistema de clasificación o colocación Library of Congress Classification
Tipo de ítem Koha Libros
Holdings
Estado de retiro Estado de pérdida Estado dañado No para préstamo Localización permanente Ubicación/localización actual Fecha de adquisición Total de préstamos Signatura topográfica completa Código de barras Fecha visto por última vez Precio válido a partir de Tipo de ítem Koha
El ejemplar forma parte de la colección y puede ser consultado según las políticas vigentes.       Biblioteca del Museo Franz Mayer (Rogerio Casas-Alatriste) Biblioteca del Museo Franz Mayer (Rogerio Casas-Alatriste) 15/08/2017   BE82 .F45 1765 CFM00356 22/03/2019 22/03/2019 Libros